| 000 | 00478nam a2200169 a 4500 | ||
|---|---|---|---|
| 001 | 1992 | ||
| 005 | 20140414131928.0 | ||
| 008 | 040110s19uu xx 00 eng d | ||
| 050 |
_aER _bSn6 1998 |
||
| 245 |
_aSnow White and the seven dwarfs / _cillustrated by Claire Pound. |
||
| 260 |
_aEngland : _bLadybird Books, _c1998. |
||
| 300 | _a43 p. : ill. ; cm. | ||
| 440 | _aRead it yourself, level 4 | ||
| 650 | _aFairy tales. | ||
| 650 | _aChildren stories. | ||
| 999 |
_c112116 _d112116 |
||